000 01022nam a2200325 i 4500
001 179965
003 ES-MaACL
005 20250812080618.0
008 120307s2008 sp |||| | spa d
020 _a978-84-935658-7-9
080 _a316.3(0:7)
080 _a316.3(0:82)
080 _a7.036
080 _a82.09"19"
100 1 _aFebrer Fernández, Nieves,
_d1977-
_9149550
245 1 0 _aEntorno y artificio
_b: imágenes de lo cotidiano /
_cNieves Febrer.
250 _a1ª ed.
260 _aMadrid :
_bAntígona,
_c2008.
300 _a305 p. ;
_c21 cm.
490 1 _aCrítica ;
_v1
504 _aBibliografía: p. 291-305.
650 7 _aArte y sociedad
_2embne
_9177489
650 0 7 _aLiteratura y sociedad
_2embne
_914679
650 7 _aArte-
_yS.XX
_2
_9141916
650 4 _aLiteratura-
_yS.XX-
_xHistoria y crítica.
_9139829
830 0 0 _aCrítica
_v1
_9187746
852 _aES-MaACL
_jA-12016
_9186872
_bR.145167
_cDEPO1
_dOlim: N-5021
942 _2udc
_cMONOGRAFIA
999 _c179965
_d179965